Organizational behavior : (Record no. 6571)
[ view plain ]
| 000 -LEADER | |
|---|---|
| fixed length control field | 01681nam a2200193 4500 |
| 008 - FIXED-LENGTH DATA ELEMENTS--GENERAL INFORMATION | |
| fixed length control field | 170419b xxu||||| |||| 00| 0 eng d |
| 020 ## - INTERNATIONAL STANDARD BOOK NUMBER | |
| International Standard Book Number | 0-13-228511-8 |
| 082 ## - DEWEY DECIMAL CLASSIFICATION NUMBER | |
| Edition number | 1996 |
| Classification number | DC 658.3 |
| Item number | R53 |
| 100 ## - MAIN ENTRY--PERSONAL NAME | |
| 9 (RLIN) | 19886 |
| Personal name | Robbins, Stephen P. |
| Dates associated with a name | 1943- |
| 245 ## - TITLE STATEMENT | |
| Title | Organizational behavior : |
| Remainder of title | concepts, controversies, applications / |
| Statement of responsibility, etc. | Stephen P. Robbins. |
| 250 ## - EDITION STATEMENT | |
| Edition statement | Seventh Edition. |
| 260 ## - PUBLICATION, DISTRIBUTION, ETC. (IMPRINT) | |
| Place of publication, distribution, etc. | Englewood Cliffs, NJ : |
| Name of publisher, distributor, etc. | Prentice Hall, |
| Date of publication, distribution, etc. | 1996. |
| 300 ## - PHYSICAL DESCRIPTION | |
| Extent | xx, 752, [57] pages : |
| Other physical details | color illustrations ; |
| Dimensions | 26 cm. |
| 500 ## - GENERAL NOTE | |
| General note | Includes bibliographical references and indexes. |
| 505 ## - FORMATTED CONTENTS NOTE | |
| Formatted contents note | Contents<br/>Ch. 1 What Is Organizational Behavior? 2<br/>Ch. 2 Responding to Global and Cultural Diversity 42<br/>Ch. 3 Foundations of Individual Behavior 80<br/>Ch. 4 Perception and Individual Decision Making 130<br/>Ch. 5 Values, Attitudes, and Job Satisfaction 172<br/>Ch. 6 Basic Motivation Concepts 210<br/>Ch. 7 Motivation: From Concepts to Applications 250<br/>Ch. 8 Foundations of Group Behavior 292<br/>Ch. 9 Understanding Work Teams 344<br/>Ch. 10 Communication 374<br/>Ch. 11 Leadership 410<br/>Ch. 12 Power and Politics 460<br/>Ch. 13 Conflict, Negotiation, and Intergroup Behavior 502<br/>Ch. 14 Foundations of Organization Structure 548<br/>Ch. 15 Technology, Work Design, and Stress 588<br/>Ch. 16 Human Resource Policies and Practices 634<br/>Ch. 17 Organizational Culture 678<br/>Ch. 18 Organizational Change and Development 714<br/>Appendix A: The Historical Evolution of Organizational Behavior A-1<br/> Appendix B: Research in Organizational Behavior A-16<br/>Appendix C: Scoring Keys for "Learning About Yourself" Exercises A-26<br/>Glossary G-1<br/> |
| 650 #0 - SUBJECT ADDED ENTRY--TOPICAL TERM | |
| 9 (RLIN) | 19887 |
| Topical term or geographic name as entry element | Organizational behavior |
| 365 ## - TRADE PRICE | |
| Price amount | 988.00 |
| Currency code | Php |
| 942 ## - ADDED ENTRY ELEMENTS (KOHA) | |
| Source of classification or shelving scheme | Dewey Decimal Classification |
| Koha item type | Circulation |
| Withdrawn status | Lost status | Source of classification or shelving scheme | Damaged status | Not for loan | Collection code | Home library | Current library | Date acquired | Source of acquisition | Cost, normal purchase price | Total Checkouts | Full call number | Barcode | Date last seen | Copy number | Price effective from | Koha item type |
|---|---|---|---|---|---|---|---|---|---|---|---|---|---|---|---|---|---|
| Dewey Decimal Classification | Circulation | UM Digos College - LIC | UM Digos College - LIC | Purchased | 988.00 | DC 658.3 R53 1996 | 12158 | 05/15/2025 | 1 | 04/19/2017 | Circulation |
